Mecánica celeste : (Registro nro. 860590)

Detalles MARC
000 -CABECERA
campo de control de longitud fija 02499nam a2200373 i 4500
003 - IDENTIFICADOR DEL NÚMERO DE CONTROL
campo de control CO-MdUADB
005 - FECHA Y HORA DE LA ÚLTIMA TRANSACCIÓN
campo de control 20260406140659.0
007 - CAMPO FIJO DE DESCRIPCIÓN FÍSICA--INFORMACIÓN GENERAL
campo de control de longitud fija ta
008 - DATOS DE LONGITUD FIJA--INFORMACIÓN GENERAL
campo de control de longitud fija 241105s2024 ck ado|fr|||| 00| 0dspa d
020 ## - NÚMERO INTERNACIONAL ESTÁNDAR DEL LIBRO
Número Internacional Estándar del Libro 9585011956
Información calificativa ISBN-10
020 ## - NÚMERO INTERNACIONAL ESTÁNDAR DEL LIBRO
Número Internacional Estándar del Libro 9789585011953
Información calificativa ISBN-13
040 ## - FUENTE DE LA CATALOGACIÓN
Centro catalogador/agencia de origen CO-MdUADB
Lengua de catalogación spa
Centro/agencia transcriptor CO-MdUADB
Normas de descripción rda
041 0# - CÓDIGO DE LENGUA
Código de lengua del texto/banda sonora o título independiente spa
082 04 - NÚMERO DE LA CLASIFICACIÓN DECIMAL DEWEY
Número de clasificación 521
100 1# - ENTRADA PRINCIPAL--NOMBRE DE PERSONA
Nombre de persona Zuluaga Callejas, Jorge Iván
9 (RLIN) 463861
Término indicativo de función/relación Autor/a
245 10 - TÍTULO PROPIAMENTE DICHO
Título propiamente dicho Mecánica celeste :
Subtítulo o título paralelo teoría, algoritmos y problemas /
Mención de responsabilidad, etc. Jorge I. Zuluaga
250 ## - MENCIÓN DE EDICIÓN
Mención de edición 1.ª edición
264 #1 - PRODUCCIÓN, PUBLICACIÓN, DISTRIBUCIÓN, FABRICACIÓN Y COPYRIGHT
Producción, publicación, distribución, fabricación y copyright Medellín :
Nombre del de productor, editor, distribuidor, fabricante Editorial Universidad de Antioquia,
Fecha de producción, publicación, distribución, fabricación o copyright 2024
300 ## - DESCRIPCIÓN FÍSICA
Extensión xlvi, 611 páginas :
Otras características físicas ilustraciones, gráficas, fotografías, tablas
336 ## - TIPO DE CONTENIDO
Fuente rdacontent
Término de tipo de contenido texto
Código de tipo de contenido txt
337 ## - TIPO DE MEDIO
Nombre/término del tipo de medio no mediado
338 ## - TIPO DE SOPORTE
Nombre/término del tipo de soporte volumen
490 1# - ÁREA DE SERIE
Mención de serie Ciencia y Tecnología
505 20 - NOTA DE CONTENIDO CON FORMATO
Título Prefacio --
-- Introducción --
-- 1. Fundamentos matemáticos y físicos --
-- 2. El problema de los N cuerpos --
-- 3. El problema de los dos cuerpos --
-- 4. El problema restringido de los tres cuerpos --
-- 5. El formalismo lagrangiano y la mecánica celeste --
-- 6. El formalismo hamiltoniano y la mecánica celeste --
-- Apéndice. Algoritmos y rutinas útiles --<br/><br/>
-- Bibliografía
520 3# - SUMARIO, ETC.
Nota de Sumario, etc. Presenta una visión panorámica de la mecánica celeste —la ciencia del movimiento de los planetas y los vehículos espaciales— y en general de la mecánica analítica o mecánica clásica, que se desarrolló de forma paralela a la primera, inspirada, en muchos casos, en problemas astronómicos. El texto se dirige a quienes, por su formación o trabajo, están interesados en la aplicación de la mecánica celeste en astronomía o en ciencias espaciales. Su extensión, énfasis y nivel de profundidad lo hacen adecuado para estudiantes de pregrado de cualquier programa científico o técnico, especialmente de astronomía, física o ingeniería aeroespacial. Su enfoque computacional permite que además pueda ser usado como material de referencia en temas de programación aplicada para profesionales de estas y otras disciplinas. (Tomado de la cubierta)
650 #7 - PUNTO DE ACCESO ADICIONAL DE MATERIA--TÉRMINO DE MATERIA
Fuente del encabezamiento o término lemb
Término de materia o nombre geográfico como elemento de entrada Mecánica celeste
9 (RLIN) 3929
650 #7 - PUNTO DE ACCESO ADICIONAL DE MATERIA--TÉRMINO DE MATERIA
Fuente del encabezamiento o término lemb
9 (RLIN) 4098
Término de materia o nombre geográfico como elemento de entrada Física
Subdivisión de forma Problemas, ejercicios, etc.
650 #7 - PUNTO DE ACCESO ADICIONAL DE MATERIA--TÉRMINO DE MATERIA
Fuente del encabezamiento o término lemb
9 (RLIN) 177186
Término de materia o nombre geográfico como elemento de entrada Sistemas de Hamilton
650 #7 - PUNTO DE ACCESO ADICIONAL DE MATERIA--TÉRMINO DE MATERIA
Fuente del encabezamiento o término lemb
9 (RLIN) 214516
Término de materia o nombre geográfico como elemento de entrada Ecuaciones de Hamilton-Jacobi
653 ## - TÉRMINO DE INDIZACIÓN--NO CONTROLADO
Término no controlado Ecuaciones de Lagrange
830 #0 - PUNTO DE ACCESO ADICIONAL DE SERIE-TÍTULO UNIFORME
9 (RLIN) 858460
Título uniforme Ciencia y Tecnología (Editorial Universidad de Antioquia)
942 ## - ELEMENTOS DE ENTRADA AGREGADA (KOHA)
Tipo de ítem Koha Libros
Fuente del sistema de clasificación o colocación Clasificación Decimal Dewey
Existencias
Estado de retiro Estado de pérdida Fuente del sistema de clasificación o colocación Estado dañado No para préstamo Código de colección Localización permanente Ubicación/localización actual Fecha de adquisición Fuente de adquisición Forma de adquisición Coste, precio normal de compra Total de préstamos Renovaciones totales Signatura topográfica completa Código de barras Fecha de vencimiento Fecha visto por última vez Fecha del último préstamo Precio válido a partir de Tipo de ítem Koha
    Clasificación Decimal Dewey     Colección General Biblioteca Campus Puerto Berrío Biblioteca Campus Puerto Berrío 21/10/2024 material adquirido por donación Donación 135000.00 1   521 Z94 01098822   23/08/2025 21/05/2025 21/10/2024 Libros
    Clasificación Decimal Dewey     Colección General Biblioteca Campus Yarumal Biblioteca Campus Yarumal 21/10/2024 material adquirido por donación Donación 135000.00     521 Z94 01098821   28/02/2026   21/10/2024 Libros
    Clasificación Decimal Dewey     Colección General Piso 2 Biblioteca Carlos Gaviria Díaz, Campus Medellín Biblioteca Carlos Gaviria Díaz, Campus Medellín 13/02/2026 material adquirido por donación Donación 135000.00 6 1 521 Z94 e2 01108251 10/06/2026 07/05/2026 07/05/2026 08/10/2024 Libros
    Clasificación Decimal Dewey     Colección General Piso 2 Biblioteca Carlos Gaviria Díaz, Campus Medellín Biblioteca Carlos Gaviria Díaz, Campus Medellín 08/10/2024 material adquirido por donación Donación 135000.00 6 1 521 Z94 01107341 24/06/2026 06/05/2026 06/05/2026 08/10/2024 Libros
Ocultar de OPAC   Clasificación Decimal Dewey   No para préstamo Memoria Institucional 4to Piso Biblioteca Carlos Gaviria Díaz, Campus Medellín Biblioteca Carlos Gaviria Díaz, Campus Medellín 08/10/2024 material adquirido por donación Donación 135000.00     MI 521 Z94 01107343   13/11/2024   08/10/2024 Libros - Reserva
    Clasificación Decimal Dewey   En Catalogación Colección General Biblioteca Campus Sonsón Biblioteca Carlos Gaviria Díaz, Campus Medellín 23/10/2024 material adquirido por donación Donación 135000.00     521 Z94 01098969   04/02/2025   23/10/2024 Libros
Retirado de Circulación   Clasificación Decimal Dewey   Retirado del catálogo Colección General Biblioteca Campus El Carmen de Viboral Preparación final - Consuelo Montoya 21/10/2024 material adquirido por donación Donación 135000.00     521 Z94 01098825   12/11/2024   21/10/2024 Libros